Statistics for ALL battlefield 4 (including DLC) gadgets, weapons, grenades et

Click here to take the quiz!

General Stats

  • This quiz has been taken 23 times
    (19 since last reset)
  • The average score is 54 of 179

Answer Stats

HINT Answer % Correct
M4
73%
M9
67%
M16A4
60%
C4 EXPLOSIVE
53%
SRR-61
53%
SCAR-H
53%
SCOUT
53%
RPG-7V2
53%
DEFIBRILLATOR
53%
RGO IMPACT
47%
G18
47%
MEDIC BAG
47%
M18 SMOKE
47%
MK153 SMAW
47%
FIM-92 STINGER
47%
AMMO PACK
47%
M18 CLAYMORE
47%
SPAS-12
47%
C4 EXPLOSIVE
47%
FAMAS
47%
carbinesAK-5C
47%
assault riflesAK-12
40%
M84 FLASHBANG
40%
M40A5
40%
SCOUT ELITE
40%
MPX
40%
JNG-90
40%
AN-94
40%
BULLDOG
40%
M1911
40%
PDW-R
40%
DEAGLE 44
40%
grenadesM67 FRAG
40%
MG4
40%
sniper riflesCS-LR4
40%
M416
40%
RADIO BEACON
40%
AMMO BOX
40%
SAR-21
40%
REPAIR TOOL
40%
AEK-971
40%
M320 LVG
33%
M2 SLAM
33%
SUAV
33%
MAV
33%
SOFLAM
33%
CS5
33%
SHORTY 12G
33%
.44 MAGNUM
33%
93R
33%
M320 FB
33%
SW40
33%
MARE'S LEG
33%
SHANK
33%
BOWIE
33%
TRENCH
33%
FGM-172 SRAW
33%
FGM-148 JAVELIN
33%
M34 INCENDIARY
33%
FIRST AID PACK
33%
assault gadgetsM320 HE
33%
V40 MINI
33%
AKU-12
33%
UMP-45
33%
SAIGA 12K
33%
MTAR-21
33%
P90
33%
DMR'SRFB
33%
UMP-9
33%
SKS
33%
MP7
33%
ACE 52 CQB
33%
SCAR-H SV
33%
870 MCS
27%
MK11 MOD 0
27%
UNICA 6
27%
PDW'SMX4
27%
ACE 53 SV
27%
AA MINE
27%
EOD BOT
27%
M15 AT MINE
27%
M320 SMK
27%
ACW-R
27%
SA-18 IGLA
27%
F2000
27%
ACE 23
27%
SVD-12
27%
AUG A3
27%
M224 MORTAR
27%
CZ-805
27%
engineer gadgetsMBT LAW
27%
DS-3 DECOY
27%
HAND FLARE
27%
HAWK 12G
27%
L85A2
27%
M1014
27%
PKP PECHENEG
27%
PP-2000
27%
A-91
27%
sidearmsP226
27%
SV-98
27%
TYPE 88 LMG
27%
T-UGS
27%
338-RECON
27%
M98B
27%
ACE 21 CQB
27%
L86A2
27%
GOL MAGNUM
27%
L115
27%
MOTION SENSOR
27%
AS VAL
27%
AWS
27%
LMG'SU-100 MK5
27%
MP443
27%
BALLISTIC SHIELD
27%
FN57
27%
M60-E4
27%
G36C
27%
LSAT
27%
CZ-3A1
27%
CBJ -MS
27%
M240B
27%
GROZA-4
27%
SG553
20%
M26 FRAG
20%
QBU-88
20%
QBZ-95-1
20%
M26 DART
20%
recon gadgetsPLD
20%
support gadgetsXM25 AIRBURST
20%
XM25 SMOKE
20%
XM25 DART
20%
GROZA-1
20%
PHANTOM BOW
20%
TYPE-95B-1
20%
M26 SLUG
20%
NECK
20%
M26 MASS
20%
CARBON FIBER
20%
M249
20%
RPK-12
20%
RPK
20%
SR-2
20%
FY-JS
20%
SR338
20%
QSZ-92
20%
JS2
20%
DAO-12
20%
KNIFESBAYONET
20%
ACB-90
20%
DBV-12
20%
MACHETE
20%
M320 3GL
20%
COMPACT 45
20%
AR160
20%
QBB-95-1
20%
IMPROVISED
20%
BOOT
20%
SEAL
20%
M320 DART
20%
shotgunsQBS-09
20%
C100
20%
M39 EMR
13%
WEAVER
13%
TANTO
13%
CZ-75
13%
PRECISION
13%
UCAV
13%
SURVIVAL
13%
MP-APS
13%
M412 REX
13%
BJ-2
13%
TACTICAL
13%
DIVE
13%
UTS 15
13%

Score Distribution

Percentile by Number Answered

Percent of People with Each Score

Your Score History

You have not taken this quiz since the last reset